| 000 | 00432nam a2200157Ia 4500 | ||
|---|---|---|---|
| 008 | 231221s9999 xx 000 0 und d | ||
| 041 | _aEnglish | ||
| 082 | _a373 AGG.3;1 | ||
| 100 | _aAggarwal, D D | ||
| 245 | 0 | _aHistroy and development of secondary education in India 3 | |
| 250 | _a1st ed. | ||
| 260 |
_c2003 _bSarup _aNew Delhi |
||
| 300 | _a274 | ||
| 650 | _aHistroy,development,secondary,education,India | ||
| 942 | _cED | ||
| 999 |
_c206226 _d206226 |
||